Central Library OPAC University of Rajshahi

Leningrad: a case study of Soviet urban government (Record no. 5846)

MARC details
000 -LEADER
fixed length control field 00918cam a22002651 4500
001 - CONTROL NUMBER
control field 5846
003 - CONTROL NUMBER IDENTIFIER
rucl marc code BD-RjUL
005 - DATE AND TIME OF LATEST TRANSACTION
control field 20211208234135.0
008 - FIXED-LENGTH DATA ELEMENTS--GENERAL INFORMATION
fixed length control field 140107s1968 nyub b 000 0 eng d
035 ## - SYSTEM CONTROL NUMBER
System control number (BD-RjUL)5885
040 ## - CATALOGING SOURCE
Original cataloging agency DLC
Transcribing agency DLC
Modifying agency DLC
-- (BD-RjUL)
Language of cataloging eng
041 ## - LANGUAGE CODE
Language code of text/sound track or separate title eng
082 00 - DEWEY DECIMAL CLASSIFICATION NUMBER
Classification number 352.04745
Author mark and year CAL
100 1# - MAIN ENTRY--PERSONAL NAME
Personal name Cattell, David Tredwell,
Dates associated with a name 1923-
9 (RLIN) 18355
245 10 - TITLE STATEMENT
Title Leningrad: a case study of Soviet urban government
Statement of responsibility, etc. [by] David T. Cattell.
260 ## - PUBLICATION, DISTRIBUTION, ETC. (IMPRINT)
Place of publication, distribution, etc. New York,
Name of publisher, distributor, etc. Praeger
Date of publication, distribution, etc. [1968]
300 ## - PHYSICAL DESCRIPTION
Pagination xxiv, 171 p. :
Illustrations maps. ;
Size 24 cm.
490 0# - SERIES STATEMENT
Series statement The International urban studies of the Institute of Public Administration, no. 5
500 ## - GENERAL NOTE
General note Praeger special studies in international politics and public affairs.
504 ## - BIBLIOGRAPHY, ETC. NOTE
Bibliography, etc Bibliography: p. 167-171.
651 #0 - SUBJECT ADDED ENTRY--GEOGRAPHIC NAME
Geographic name Saint Petersburg (Russia)
General subdivision Politics and government.
9 (RLIN) 18356
942 ## - ADDED ENTRY ELEMENTS (KOHA)
Source of classification or shelving scheme Dewey Decimal Classification
Koha item type Books
Holdings
Lost status Source of classification or shelving scheme Damaged status Not for loan Collection code Permanent Location Current Location Shelving location Date acquired Source of acquisition Cost, normal purchase price Total Checkouts Full call number Date last seen Copy number Koha item type
  Dewey Decimal Classification   Not For Loan Non-fiction Central Library, University of Rajshahi Central Library, University of Rajshahi   25/06/1970 Zeitlinger 104.00   352.04745 CAL 1968 07/01/2014 C-1 Books